[Event "Medellin Flores op 30th"]
[Site "Medellin"]
[Date "2023.08.04"]
[Round "3"]
[White "Varela Acosta, Valeria"]
[Black "Zapata, Olga Maria"]
[Result "0-1"]
[WhiteElo "1211"]
[BlackElo "1538"]
[PlyCount "36"]
[EventDate "2023.08.03"]
[EventType "swiss"]
[EventRounds "9"]
[EventCountry "COL"]
[SourceTitle "EXT 2024"]
[Source "ChessBase"]
[SourceDate "2023.10.10"]
[SourceVersion "1"]
[SourceVersionDate "2023.10.10"]
[SourceQuality "1"]

1. e4 c6 2. d4 d5 3. e5 Bf5 4. Nf3 e6 5. Be2 Nd7 6. Nc3 Bb4 7. Bd2 h6 8. 0-0 Bxc3 9. Bxc3 Ne7 10. Qd2 0-0 11. Nh4 Bh7 12. f4 Nf5 13. Nxf5 Bxf5 14. Bb4 Re8 15. Rae1 Rc8 16. h3 c5 17. dxc5 Nxc5 18. c4 Ne4 0-1

[Event "Sabaneta op-B 2nd"]
[Site "Sabaneta Antioquia"]
[Date "2023.07.03"]
[Round "9"]
[White "Perez Grisales, Noe"]
[Black "Zapata, Olga Maria"]
[Result "0-1"]
[WhiteElo "1654"]
[BlackElo "1537"]
[PlyCount "37"]
[EventDate "2023.06.28"]
[EventType "swiss"]
[EventRounds "9"]
[EventCountry "COL"]
[SourceTitle "EXT 2024"]
[Source "ChessBase"]
[SourceDate "2023.10.10"]
[SourceVersion "1"]
[SourceVersionDate "2023.10.10"]
[SourceQuality "1"]

1. e4 c6 2. d4 d5 3. exd5 cxd5 4. Nf3 Nf6 5. Bd3 Bg4 6. 0-0 e6 7. h3 Bh5 8. Be3 Bd6 9. Nbd2 0-0 10. Rc1 Nc6 11. c3 Rc8 12. Bb1 a6 13. a4 b5 14. axb5 axb5 15. b4 Nd7 16. Bxh7+ Kxh7 17. Ng5+ Qxg5 18. Bxg5 Bxd1 19. Rfxd1 0-1

[Event "Sabaneta op-B 2nd"]
[Site "Sabaneta Antioquia"]
[Date "2023.07.02"]
[Round "7"]
[White "Noriega, Alith"]
[Black "Zapata, Olga Maria"]
[Result "0-1"]
[WhiteElo "1685"]
[BlackElo "1537"]
[PlyCount "58"]
[EventDate "2023.06.28"]
[EventType "swiss"]
[EventRounds "9"]
[EventCountry "COL"]
[SourceTitle "EXT 2024"]
[Source "ChessBase"]
[SourceDate "2023.10.10"]
[SourceVersion "1"]
[SourceVersionDate "2023.10.10"]
[SourceQuality "1"]

1. e4 c6 2. d4 d5 3. exd5 cxd5 4. Nf3 Nf6 5. Bd3 Bg4 6. 0-0 e6 7. c3 Bd6 8. Re1 0-0 9. Nbd2 Qc7 10. Nf1 Nbd7 11. h3 Bh5 12. g4 Bg6 13. Bg5 Bxd3 14. Qxd3 Rac8 15. Bxf6 Nxf6 16. Ne5 Nd7 17. f4 Nxe5 18. fxe5 Be7 19. Re2 Bh4 20. Nh2 h6 21. Rf1 Qc4 22. Qxc4 Rxc4 23. Kg2 b5 24. Nf3 Be7 25. a3 a5 26. Ra1 Rfc8 27. Rf1 b4 28. axb4 axb4 29. cxb4 Bxb4 0-1

[Event "Medellin Easter op 11th"]
[Site "Medellin"]
[Date "2023.04.09"]
[Round "7"]
[White "Aristizabal Melguiso, Martin"]
[Black "Zapata, Olga Maria"]
[Result "1-0"]
[WhiteElo "1300"]
[BlackElo "1524"]
[PlyCount "43"]
[EventDate "2023.04.05"]
[EventType "swiss"]
[EventRounds "7"]
[EventCountry "COL"]
[SourceTitle "CBM 213 Extra"]
[Source "ChessBase"]
[SourceDate "2023.05.31"]
[SourceVersion "1"]
[SourceVersionDate "2023.05.31"]
[SourceQuality "1"]

1. e4 c6 2. d4 d5 3. Nc3 dxe4 4. Nxe4 Bf5 5. Bd3 Bxe4 6. Bxe4 Nf6 7. Qd3 e6 8. Nf3 Bd6 9. 0-0 Qc7 10. Ne5 Bxe5 11. dxe5 Qxe5 12. Re1 Nxe4 13. Rxe4 Qd5 14. Rd4 Qa5 15. Bd2 Qb6 16. b3 0-0 17. Rh4 g6 18. Bh6 Rd8 19. Qc3 f6 20. Qxf6 Qc7 21. Rd4 Rxd4 22. Qf8# 1-0

[Event "COL-ch sf"]
[Site "Medellin"]
[Date "2020.11.12"]
[Round "1"]
[White "Zapata Cuartas, Juan Carlos"]
[Black "Zapata, Olga Maria"]
[Result "1-0"]
[WhiteElo "2068"]
[BlackElo "1683"]
[PlyCount "63"]
[EventDate "2020.11.12"]
[EventType "swiss"]
[EventRounds "8"]
[EventCountry "COL"]
[SourceTitle "CBM 199 Extra"]
[Source "ChessBase"]
[SourceDate "2021.01.31"]
[SourceVersion "1"]
[SourceVersionDate "2021.01.31"]
[SourceQuality "1"]

1. d4 d5 2. c4 e6 3. Nc3 Nf6 4. Nf3 Be7 5. e3 0-0 6. b3 b6 7. Bb2 Bb7 8. Bd3 Nbd7 9. 0-0 Rc8 10. Qe2 c5 11. Rfd1 cxd4 12. exd4 Re8 13. Ne5 Nf8 14. cxd5 Nxd5 15. Nxd5 Qxd5 16. Qg4 f6 17. Bc4 Qd6 18. Ba3 Qxa3 19. Bxe6+ Kh8 20. Nf7+ Kg8 21. Nd6+ Kh8 22. Bxc8 Bxd6 23. Bxb7 Qa5 24. Bc6 f5 25. Qh5 g6 26. Qg5 Re6 27. d5 Be7 28. Qf4 Re2 29. Qd4+ Kg8 30. d6 Bd8 31. Bd5+ Ne6 32. Qc4 1-0

[Event "COL-ch sf1"]
[Site "Medellin"]
[Date "2019.04.19"]
[Round "6"]
[White "Zapata, Olga Maria"]
[Black "Toro Castaneda, Elizabeth"]
[Result "0-1"]
[WhiteElo "1686"]
[BlackElo "1939"]
[PlyCount "51"]
[EventDate "2019.04.16"]
[EventType "swiss"]
[EventRounds "10"]
[EventCountry "COL"]
[SourceTitle "CBM 190 Extra"]
[Source "ChessBase"]
[SourceDate "2019.07.15"]
[SourceVersion "1"]
[SourceVersionDate "2019.07.15"]
[SourceQuality "1"]

1. d4 Nf6 2. c4 g6 3. Nc3 Bg7 4. e4 d6 5. f3 0-0 6. Be3 e5 7. d5 c6 8. Qd2 cxd5 9. cxd5 a6 10. Bd3 Nbd7 11. Nge2 Nc5 12. Bc2 b5 13. b4 Ncd7 14. 0-0 Nb6 15. Bb3 Bd7 16. Rfc1 Ne8 17. Bg5 f6 18. Be3 f5 19. exf5 gxf5 20. Bh6 Nc4 21. Bxc4 bxc4 22. Be3 Qh4 23. Bf2 Qh5 24. Rab1 f4 25. Ne4 Rc8 26. N2c3 0-1

[Event "COL-ch sf1"]
[Site "Medellin"]
[Date "2019.04.17"]
[Round "3"]
[White "Florez Hernandez, Stefany Juliet"]
[Black "Zapata, Olga Maria"]
[Result "0-1"]
[WhiteElo "1493"]
[BlackElo "1686"]
[PlyCount "23"]
[EventDate "2019.04.16"]
[EventType "swiss"]
[EventRounds "10"]
[EventCountry "COL"]
[SourceTitle "CBM 190 Extra"]
[Source "ChessBase"]
[SourceDate "2019.07.15"]
[SourceVersion "1"]
[SourceVersionDate "2019.07.15"]
[SourceQuality "1"]

1. d4 d5 2. c4 e6 3. Nf3 Nf6 4. Bf4 b6 5. cxd5 Nxd5 6. Bg3 Bb7 7. e3 Nd7 8. a3 Be7 9. Bd3 Rc8 10. Nbd2 c5 11. h3 0-0 12. 0-0 0-1

[Event "American Continental (Women) 11th"]
[Site "Envigado"]
[Date "2018.11.24"]
[Round "9"]
[White "Zapata, Olga Maria"]
[Black "Moncada Correa, Sara"]
[Result "0-1"]
[WhiteElo "1695"]
[BlackElo "1792"]
[PlyCount "182"]
[EventDate "2018.11.17"]
[EventType "swiss"]
[EventRounds "9"]
[EventCountry "COL"]
[SourceTitle "CBM 187 Extra"]
[Source "ChessBase"]
[SourceDate "2018.11.04"]
[SourceVersion "1"]
[SourceVersionDate "2018.11.04"]
[SourceQuality "1"]

1. d4 d5 2. c4 dxc4 3. e3 Nf6 4. Bxc4 e6 5. Nf3 c5 6. 0-0 a6 7. Nc3 b5 8. Be2 Nc6 9. dxc5 Qc7 10. Nd4 Bb7 11. Nxc6 Qxc6 12. Bf3 Nd5 13. b4 a5 14. bxa5 Bxc5 15. Bb2 0-0 16. Rc1 f5 17. Qb3 b4 18. Nxd5 exd5 19. Rfd1 Rfd8 20. Rd2 Rxa5 21. Rdc2 Qd6 22. Rd2 Kh8 23. Rcd1 Ba7 24. g3 Bc6 25. Qd3 Qe6 26. Rc1 Bb6 27. Bd4 Ra3 28. Qb1 Bxd4 29. Rxd4 Rda8 30. Qxb4 Rxa2 31. Qc3 R2a6 32. Qc5 Ra1 33. Rxa1 Rxa1+ 34. Kg2 h6 35. Bxd5 Bxd5+ 36. Qxd5 Qg6 37. Rf4 Qa6 38. Rc4 Re1 39. Qc5 Qb7+ 40. Qc6 Qb1 41. Qg6 Rg1+ 42. Kf3 Qb7+ 43. Qc6 Qf7 44. Rc5 Qh5+ 45. Kf4 Qg5+ 46. Ke5 Qe7+ 47. Kf4 Qg5+ 48. Ke5 Qe7+ 49. Kxf5 Rf1 50. f4 Qxe3 51. Re5 Qd3+ 52. Kg4 Rf2 53. h4 Qd1+ 54. Kf5 Qh5+ 55. Ke6 Qg6+ 56. Kd7 Rd2+ 57. Rd5 Qf7+ 58. Kd6 Qg6+ 59. Kd7 Qf5+ 60. Kd6 Qg6+ 61. Kd7 Rxd5+ 62. Qxd5 Qxg3 63. Qa8+ Kh7 64. Qe4+ Qg6 65. f5 Qf7+ 66. Kd6 Qf6+ 67. Kd5 h5 68. Qf4 Qf7+ 69. Ke4 Qb7+ 70. Ke3 Kg8 71. Qg5 Qb6+ 72. Ke4 Qc6+ 73. Kd3 Qf3+ 74. Kd2 Kh7 75. Kc2 Qe2+ 76. Kc1 Kg8 77. Qd8+ Kf7 78. Qd5+ Kf6 79. Qd4+ Qe5 80. Qd8+ Kxf5 81. Qg5+ Ke4 82. Qg2+ Kf4 83. Qh2+ Kf5 84. Qh3+ Ke4 85. Qg2+ Kd3 86. Qc2+ Ke3 87. Qd2+ Kf3 88. Qd1+ Kg2 89. Qd2+ Kh3 90. Qd7+ Kxh4 91. Qd8+ Qg5+ 0-1

[Event "American Continental (Women) 11th"]
[Site "Envigado"]
[Date "2018.11.18"]
[Round "2"]
[White "Zapata, Olga Maria"]
[Black "Barria Baker, Raisa Melissa"]
[Result "1/2-1/2"]
[WhiteElo "1695"]
[BlackElo "1941"]
[PlyCount "86"]
[EventDate "2018.11.17"]
[EventType "swiss"]
[EventRounds "9"]
[EventCountry "COL"]
[SourceTitle "CBM 187 Extra"]
[Source "ChessBase"]
[SourceDate "2018.11.04"]
[SourceVersion "1"]
[SourceVersionDate "2018.11.04"]
[SourceQuality "1"]

1. d4 d5 2. Nf3 Nf6 3. Bf4 c6 4. e3 Qb6 5. b3 Bf5 6. Bd3 Bxd3 7. Qxd3 Nbd7 8. h3 e6 9. 0-0 Be7 10. Nbd2 0-0 11. c4 a5 12. c5 Qd8 13. Rac1 b6 14. cxb6 Qxb6 15. Ne5 Nxe5 16. Bxe5 Nd7 17. Bg3 Rac8 18. Nf3 Ba3 19. Rc2 Nb8 20. Ne5 f6 21. Nf3 Na6 22. Qe2 Rfe8 23. Rd1 c5 24. dxc5 Nxc5 25. Nd4 Ne4 26. Rxc8 Rxc8 27. Qf3 Bb2 28. Qg4 Bxd4 29. Rxd4 Rc2 30. a4 Rc3 31. Rd1 Rxb3 32. Rc1 Rb1 33. Rxb1 Qxb1+ 34. Kh2 Qb6 35. Qe2 Nc5 36. Qc2 h6 37. f3 Kf7 38. Bf2 Qb4 39. h4 Qc4 40. Qb1 Qxa4 41. Qb6 Qb4 42. Qc7+ Kg8 43. h5 Kh7 1/2-1/2

[Event "COL-ch sf"]
[Site "Medellin"]
[Date "2018.03.18"]
[Round "8"]
[White "Zapata, Olga Maria"]
[Black "Garces Trujillo, Luis Javier"]
[Result "1/2-1/2"]
[WhiteElo "1723"]
[BlackElo "1875"]
[PlyCount "91"]
[EventDate "2018.03.14"]
[EventType "swiss"]
[EventRounds "10"]
[EventCountry "COL"]
[SourceTitle "CBM 183 Extra"]
[Source "ChessBase"]
[SourceDate "2018.04.19"]
[SourceVersion "1"]
[SourceVersionDate "2018.04.19"]
[SourceQuality "1"]

1. d4 Nf6 2. c4 g6 3. Nc3 d5 4. e3 Bg7 5. Nf3 0-0 6. Bd3 c5 7. cxd5 Nxd5 8. 0-0 cxd4 9. Nxd4 Nxc3 10. bxc3 e5 11. Nf3 Qa5 12. Qc2 Nc6 13. Rb1 Rb8 14. Be4 Be6 15. a3 h6 16. Rd1 Qc5 17. Nd2 f5 18. Bxc6 Qxc6 19. Bb2 Bd5 20. f3 Qc5 21. Re1 Rbd8 22. Kh1 Bc6 23. Nb3 Qe7 24. Na5 Bd5 25. c4 Bf7 26. Bc3 Rd7 27. Bb4 Qh4 28. Bxf8 Bxf8 29. Red1 Rxd1+ 30. Qxd1 b6 31. Nc6 e4 32. Ne5 exf3 33. Qxf3 Bd6 34. g3 Qf6 35. Nxf7 Qxf7 36. Rd1 Bxa3 37. Qa8+ Bf8 38. Qc8 Qe7 39. Rd8 Qe4+ 40. Kg1 Qxe3+ 41. Kf1 Qf3+ 42. Ke1 Qh1+ 43. Kf2 Qxh2+ 44. Kf3 Qh1+ 45. Kf2 Qh2+ 46. Kf3 1/2-1/2

[Event "COL-ch sf"]
[Site "Medellin"]
[Date "2018.03.17"]
[Round "7"]
[White "Viveros Torres, Erica Johana"]
[Black "Zapata, Olga Maria"]
[Result "1-0"]
[WhiteElo "1841"]
[BlackElo "1723"]
[PlyCount "33"]
[EventDate "2018.03.14"]
[EventType "swiss"]
[EventRounds "10"]
[EventCountry "COL"]
[SourceTitle "CBM 183 Extra"]
[Source "ChessBase"]
[SourceDate "2018.04.19"]
[SourceVersion "1"]
[SourceVersionDate "2018.04.19"]
[SourceQuality "1"]

1. e4 d5 2. exd5 Qxd5 3. d4 c6 4. c4 Qa5+ 5. Nc3 Nf6 6. Bd3 Bg4 7. Nge2 e6 8. 0-0 Bd6 9. f3 Bh5 10. Ng3 Bg6 11. Nce4 Nxe4 12. Nxe4 Be7 13. Bd2 Qd8 14. Bc3 0-0 15. Qc2 Nd7 16. Rad1 Qc7 17. Be1 1-0